[Event "HUN-chT2 Toth 1819"]
[Site "Hungary"]
[Date "2019.03.31"]
[Round "10.7"]
[White "Hajagos, Janos"]
[Black "Sonkoly, Laszlo"]
[Result "0-1"]
[WhiteElo "1943"]
[BlackElo "1993"]
[PlyCount "46"]
[EventDate "2018.09.23"]
[EventType "team-tourn"]
[EventRounds "11"]
[EventCountry "HUN"]
[SourceTitle "EXT 2021"]
[Source "ChessBase"]
[SourceDate "2020.10.23"]
[SourceVersion "1"]
[SourceVersionDate "2020.10.23"]
[SourceQuality "1"]
[WhiteTeam "Kecskemet Takisz"]
[BlackTeam "Szeged Meritum"]
[WhiteTeamCountry "HUN"]
[BlackTeamCountry "HUN"]

1. e4 e5 2. Nf3 Nc6 3. Bb5 a6 4. Ba4 Nf6 5. 0-0 Be7 6. Re1 b5 7. Bb3 d5 8. exd5 Nxd5 9. c3 e4 10. Rxe4 Bf5 11. Re1 Bd3 12. Bc2 Nf4 13. Bxd3 Nxd3 14. Re3 Qd6 15. Qc2 Rd8 16. Ne1 Nce5 17. a4 0-0 18. Nxd3 Nxd3 19. axb5 axb5 20. b3 Bg5 21. Rh3 Rfe8 22. Re3 Bxe3 23. fxe3 Qf6 0-1

[Event "HUN-chT2 Toth 1819"]
[Site "Hungary"]
[Date "2018.11.18"]
[Round "4.9"]
[White "Hajagos, Janos"]
[Black "Markus, Molli Amina"]
[Result "1/2-1/2"]
[WhiteElo "1943"]
[BlackElo "1614"]
[PlyCount "116"]
[EventDate "2018.09.23"]
[EventType "team-tourn"]
[EventRounds "11"]
[EventCountry "HUN"]
[SourceTitle "EXT 2021"]
[Source "ChessBase"]
[SourceDate "2020.10.23"]
[SourceVersion "1"]
[SourceVersionDate "2020.10.23"]
[SourceQuality "1"]
[WhiteTeam "Kecskemet Takisz"]
[BlackTeam "Szeged Maroczy III"]
[WhiteTeamCountry "HUN"]
[BlackTeamCountry "HUN"]

1. e4 e6 2. d4 d5 3. Nc3 Nf6 4. Bg5 Be7 5. e5 Nfd7 6. h4 h6 7. Bxe7 Qxe7 8. f4 a6 9. Qg4 g6 10. h5 gxh5 11. Rxh5 c5 12. Nf3 Nc6 13. 0-0-0 cxd4 14. Nxd4 Nxd4 15. Rxd4 b5 16. Rd3 b4 17. Nd1 f6 18. Rdh3 fxe5 19. fxe5 Kd8 20. Be2 Kc7 21. Rxh6 Rxh6 22. Rxh6 Nxe5 23. Qf4 Qd6 24. Qh4 Kb8 25. Rh7 Ra7 26. Rxa7 Kxa7 27. Nf2 Bb7 28. g4 Ng6 29. Qf6 Qf4+ 30. Qxf4 Nxf4 31. Kd2 Bc6 32. g5 Be8 33. Nd3 Nxd3 34. Bxd3 Bf7 35. Bh7 e5 36. g6 Be6 37. g7 Kb6 38. g8Q Bxg8 39. Bxg8 Kc5 40. Ke3 a5 41. b3 Kd6 42. Bh7 Kc5 43. Kd3 Kb5 44. Ke3 Kc6 45. Bd3 Kc5 46. Bf1 Kd6 47. Kd3 Kc5 48. Bg2 Kd6 49. c3 e4+ 50. Bxe4 dxe4+ 51. Kxe4 bxc3 52. Kd3 Kc5 53. Kxc3 Kb5 54. a3 Kc5 55. b4+ axb4+ 56. axb4+ Kb5 57. Kb3 Kb6 58. Kc4 Kb7 1/2-1/2

[Event "HUN-chT2 Toth 1718"]
[Site "Hungary"]
[Date "2017.09.24"]
[Round "1.8"]
[White "Hajagos, Janos"]
[Black "Papp, Zoltan"]
[Result "0-1"]
[WhiteElo "1973"]
[BlackElo "1894"]
[PlyCount "90"]
[EventDate "2017.09.24"]
[EventType "team-tourn"]
[EventRounds "11"]
[EventCountry "HUN"]
[SourceTitle "EXT 2021"]
[Source "ChessBase"]
[SourceDate "2020.10.23"]
[SourceVersion "1"]
[SourceVersionDate "2020.10.23"]
[SourceQuality "1"]
[WhiteTeam "Kecskemet Takisz"]
[BlackTeam "Kecskemet Toth Laszlo II"]
[WhiteTeamCountry "HUN"]
[BlackTeamCountry "HUN"]

1. e4 d5 2. exd5 Qxd5 3. Nc3 Qa5 4. d4 Nf6 5. Nf3 Bf5 6. Be2 e6 7. 0-0 Bd6 8. Re1 0-0 9. Nb5 a6 10. Nxd6 cxd6 11. c4 Nbd7 12. a3 Rfe8 13. b4 Qc7 14. Bb2 Rac8 15. Rc1 a5 16. Nh4 Bg6 17. b5 b6 18. Qb3 Be4 19. Qg3 d5 20. f3 Qxg3 21. hxg3 Bg6 22. Nxg6 hxg6 23. cxd5 Nxd5 24. Kf2 f5 25. Bd3 Kf7 26. f4 N7f6 27. Kf3 Ne7 28. Rh1 Rxc1 29. Rxc1 Rc8 30. Rxc8 Nxc8 31. Bc1 Nd6 32. Bb2 Nd5 33. g4 Nc7 34. a4 Nd5 35. Be2 Ne4 36. g5 Nec3 37. Bxc3 Nxc3 38. Bc4 Ne4 39. Ke3 Nc3 40. Kd3 Ne4 41. d5 Ke7 42. dxe6 Nc5+ 43. Kc3 Nxe6 44. g3 Nc5 45. Bd5 Nxa4+ 0-1

[Event "HUN-chT2 Toth 1617"]
[Site "Hungary"]
[Date "2017.01.29"]
[Round "7.7"]
[White "Hajagos, Janos"]
[Black "Bardos, Istvan"]
[Result "1-0"]
[WhiteElo "1981"]
[BlackElo "1965"]
[PlyCount "45"]
[EventDate "2016.09.25"]
[EventType "team-tourn"]
[EventRounds "11"]
[EventCountry "HUN"]
[SourceTitle "EXT 2021"]
[Source "ChessBase"]
[SourceDate "2020.10.23"]
[SourceVersion "1"]
[SourceVersionDate "2020.10.23"]
[SourceQuality "1"]
[WhiteTeam "Kecskemet Takisz"]
[BlackTeam "Szentes Integral"]
[WhiteTeamCountry "HUN"]
[BlackTeamCountry "HUN"]

1. e4 c5 2. Nc3 e6 3. f4 Nc6 4. Nf3 a6 5. a4 d5 6. d3 d4 7. Ne2 h5 8. g3 Be7 9. h3 Nf6 10. Bg2 Nh7 11. g4 Bh4+ 12. Kf1 Be7 13. g5 e5 14. h4 f6 15. g6 Nf8 16. f5 b6 17. Ng3 b5 18. axb5 Nb4 19. Bd2 Bb7 20. Ne1 Nd7 21. c3 dxc3 22. bxc3 a5 23. Qb3 1-0

[Event "HUN-chT2 Toth 1617"]
[Site "Hungary"]
[Date "2016.11.27"]
[Round "5.7"]
[White "Hajagos, Janos"]
[Black "Vass, Laszlo"]
[Result "1-0"]
[WhiteElo "1981"]
[BlackElo "1783"]
[PlyCount "74"]
[EventDate "2016.09.25"]
[EventType "team-tourn"]
[EventRounds "11"]
[EventCountry "HUN"]
[SourceTitle "EXT 2021"]
[Source "ChessBase"]
[SourceDate "2020.10.23"]
[SourceVersion "1"]
[SourceVersionDate "2020.10.23"]
[SourceQuality "1"]
[WhiteTeam "Kecskemet Takisz"]
[BlackTeam "Nadudvar"]
[WhiteTeamCountry "HUN"]
[BlackTeamCountry "HUN"]

1. e4 c5 2. Nc3 Nc6 3. f4 d6 4. Nf3 a6 5. a4 e6 6. Bc4 Nf6 7. Bb3 Be7 8. d3 0-0 9. 0-0 b6 10. Ne2 Na5 11. Ba2 Bb7 12. Bd2 Nc6 13. h3 b5 14. g4 c4 15. Ng3 d5 16. e5 Ne8 17. d4 b4 18. g5 g6 19. h4 Ng7 20. Be3 a5 21. h5 Nf5 22. Nxf5 exf5 23. Kg2 h6 24. Rh1 hxg5 25. fxg5 Kg7 26. Qe2 Qd7 27. Rh3 f4 28. Bxf4 Qg4+ 29. Bg3 Bxg5 30. Rah1 Rh8 31. c3 Ne7 32. Bb1 Bf4 33. Kf2 Rxh5 34. Bh4 Nf5 35. Bxf5 Qxf5 36. Bf6+ Kh7 37. Rxh5+ gxh5 1-0

[Event "HUN-chT2 Toth 1617"]
[Site "Hungary"]
[Date "2016.10.09"]
[Round "2.7"]
[White "Tornyai, Jeno"]
[Black "Hajagos, Janos"]
[Result "1-0"]
[WhiteElo "1863"]
[BlackElo "1981"]
[PlyCount "65"]
[EventDate "2016.09.25"]
[EventType "team-tourn"]
[EventRounds "11"]
[EventCountry "HUN"]
[SourceTitle "EXT 2021"]
[Source "ChessBase"]
[SourceDate "2020.10.23"]
[SourceVersion "1"]
[SourceVersionDate "2020.10.23"]
[SourceQuality "1"]
[WhiteTeam "Szeged Maroczy II"]
[BlackTeam "Kecskemet Takisz"]
[WhiteTeamCountry "HUN"]
[BlackTeamCountry "HUN"]

1. d4 d5 2. Nc3 Nf6 3. Bg5 e6 4. e4 dxe4 5. Nxe4 Be7 6. Bxf6 Bxf6 7. Nf3 Nd7 8. c3 Be7 9. Bd3 Nf6 10. Qe2 c6 11. Nxf6+ Bxf6 12. 0-0-0 a5 13. Kb1 a4 14. Ne5 a3 15. b3 Qc7 16. f4 h5 17. Rhe1 Kf8 18. g3 c5 19. dxc5 Qxc5 20. Bc4 Qc7 21. h3 Ra5 22. Qd3 Bxe5 23. fxe5 Ke7 24. Qe3 Re8 25. Qg5+ Kf8 26. Qxh5 Kg8 27. Rd4 b5 28. Bd3 Qxc3 29. Qh7+ Kf8 30. Qh8+ Ke7 31. Qh4+ Kf8 32. Re2 Ra7 33. Rd8 1-0

[Event "HUN-chT2 Toth 1516"]
[Site "Hungary"]
[Date "2016.02.28"]
[Round "8.8"]
[White "Kalo, Istvan"]
[Black "Hajagos, Janos"]
[Result "1/2-1/2"]
[WhiteElo "2033"]
[BlackElo "1992"]
[PlyCount "29"]
[EventDate "2015.09.13"]
[EventType "team-tourn"]
[EventRounds "11"]
[EventCountry "HUN"]
[SourceTitle "EXT 2017"]
[Source "ChessBase"]
[SourceDate "2016.10.25"]
[SourceVersion "1"]
[SourceVersionDate "2016.10.25"]
[SourceQuality "1"]
[WhiteTeam "Ujszasz"]
[BlackTeam "Takisz"]
[WhiteTeamCountry "HUN"]
[BlackTeamCountry "HUN"]

1. e4 c5 2. c3 d5 3. exd5 Qxd5 4. d4 Nf6 5. Nf3 e6 6. Be2 Be7 7. 0-0 Nc6 8. h3 0-0 9. Be3 cxd4 10. Nxd4 Nxd4 11. Qxd4 e5 12. Qh4 b6 13. Nd2 Bb7 14. Bf3 Qd7 15. Bxb7 1/2-1/2

[Event "HUN-chT2 Toth 1516"]
[Site "Hungary"]
[Date "2015.11.08"]
[Round "4.6"]
[White "Hajagos, Janos"]
[Black "Andriska, Zsolt"]
[Result "0-1"]
[WhiteElo "1992"]
[BlackElo "2097"]
[PlyCount "48"]
[EventDate "2015.09.13"]
[EventType "team-tourn"]
[EventRounds "11"]
[EventCountry "HUN"]
[SourceTitle "CBM 170 Extra"]
[Source "ChessBase"]
[SourceDate "2016.02.25"]
[SourceVersion "1"]
[SourceVersionDate "2016.02.25"]
[SourceQuality "1"]
[WhiteTeam "Takisz"]
[BlackTeam "Toth Laszlo II"]
[WhiteTeamCountry "HUN"]
[BlackTeamCountry "HUN"]

1. e4 d5 2. exd5 Qxd5 3. Nc3 Qa5 4. d4 Nf6 5. Nf3 Bg4 6. Be2 e6 7. 0-0 c6 8. Ne5 Bxe2 9. Nxe2 Be7 10. Ng3 Nbd7 11. f4 h5 12. Qd3 h4 13. Ne2 Qc7 14. c4 c5 15. Be3 h3 16. Nf3 0-0-0 17. a3 Ng4 18. b4 hxg2 19. Kxg2 g5 20. h3 Nxe3+ 21. Qxe3 gxf4 22. Qb3 Rdg8+ 23. Kh2 Nf6 24. Ne5 cxd4 0-1

[Event "HUN-chT2 Toth 1415"]
[Site "Hungary"]
[Date "2015.04.26"]
[Round "11.4"]
[White "Egyed, Gabor"]
[Black "Hajagos, Janos"]
[Result "1-0"]
[WhiteElo "2049"]
[BlackElo "2002"]
[PlyCount "87"]
[EventDate "2014.09.07"]
[EventType "team-tourn"]
[EventRounds "11"]
[EventCountry "HUN"]
[SourceTitle "EXT 2016"]
[Source "ChessBase"]
[SourceDate "2015.10.08"]
[SourceVersion "1"]
[SourceVersionDate "2015.10.08"]
[SourceQuality "1"]
[WhiteTeam "Karcag"]
[BlackTeam "Takisz"]
[WhiteTeamCountry "HUN"]
[BlackTeamCountry "HUN"]

1. e4 c5 2. Nf3 d6 3. d4 cxd4 4. Nxd4 Nf6 5. Nc3 a6 6. Bg5 e6 7. f4 Be7 8. Be2 Nbd7 9. Qd3 Qc7 10. 0-0-0 b5 11. Bf3 Bb7 12. Bxf6 gxf6 13. Bh5 Nc5 14. Qg3 b4 15. Na4 Bxe4 16. Nxc5 Qxc5 17. Rhe1 Qxh5 18. Rxe4 Qg6 19. Qf3 d5 20. Re2 Rc8 21. Kb1 f5 22. h3 h5 23. Rde1 0-0 24. Qd3 Bf6 25. Nf3 Rc4 26. g3 Rfc8 27. Rg1 Qg7 28. g4 fxg4 29. hxg4 hxg4 30. Nh2 Rxf4 31. Reg2 Rcc4 32. Qe2 Rce4 33. Qd1 Rd4 34. Qe2 Rfe4 35. Nxg4 Kf8 36. Nxf6 Qxf6 37. Qxa6 Qe5 38. Rg8+ Ke7 39. Qb7+ Kf6 40. R1g6+ fxg6 41. Qg7+ Kg5 42. Qxg6+ Kf4 43. Qg3+ Kf5 44. Qg5# 1-0

[Event "HUN-chT2 Toth 1415"]
[Site "Hungary"]
[Date "2015.03.22"]
[Round "10.6"]
[White "Hajagos, Janos"]
[Black "Blazsik, Zoltan"]
[Result "0-1"]
[WhiteElo "2002"]
[BlackElo "1913"]
[PlyCount "56"]
[EventDate "2014.09.07"]
[EventType "team-tourn"]
[EventRounds "11"]
[EventCountry "HUN"]
[SourceTitle "EXT 2016"]
[Source "ChessBase"]
[SourceDate "2015.10.08"]
[SourceVersion "1"]
[SourceVersionDate "2015.10.08"]
[SourceQuality "1"]
[WhiteTeam "Takisz"]
[BlackTeam "Maroczy II"]
[WhiteTeamCountry "HUN"]
[BlackTeamCountry "HUN"]

1. d4 Nf6 2. c4 e6 3. Nf3 d5 4. e3 b6 5. cxd5 exd5 6. Nc3 Be7 7. Bd3 0-0 8. 0-0 Bb7 9. Nd2 c5 10. Ne2 Nc6 11. Nf3 Qc7 12. Ng3 Nb4 13. Bb1 g6 14. Ne5 Nd7 15. Nd3 Nc6 16. Nf4 Nf6 17. Nfe2 Rad8 18. f4 Ba6 19. f5 Bd6 20. Rf3 Rde8 21. Nc3 cxd4 22. exd4 Nxd4 23. Bh6 Nxf3+ 24. gxf3 Bxg3 25. Bd3 Re1+ 26. Qxe1 Bxe1 27. Bxf8 Bxd3 28. Rxe1 Kxf8 0-1

[Event "HUN-chT2 Toth 1415"]
[Site "Hungary"]
[Date "2014.09.21"]
[Round "2.5"]
[White "Hajagos, Janos"]
[Black "Petro, Jozsef"]
[Result "1-0"]
[WhiteElo "2002"]
[BlackElo "2052"]
[PlyCount "99"]
[EventDate "2014.09.07"]
[EventType "team-tourn"]
[EventRounds "11"]
[EventCountry "HUN"]
[SourceTitle "EXT 2016"]
[Source "ChessBase"]
[SourceDate "2015.10.08"]
[SourceVersion "1"]
[SourceVersionDate "2015.10.08"]
[SourceQuality "1"]
[WhiteTeam "Takisz"]
[BlackTeam "Bekes"]
[WhiteTeamCountry "HUN"]
[BlackTeamCountry "HUN"]

1. e4 c6 2. d4 g6 3. c4 d5 4. e5 h5 5. Nc3 Nh6 6. cxd5 cxd5 7. Qb3 e6 8. Nf3 Nc6 9. Bd3 Be7 10. h4 a6 11. Bf4 b5 12. Rd1 Qb6 13. Bb1 Bd7 14. Qc2 Nf5 15. Qd2 Na5 16. Bxf5 gxf5 17. Bg5 Nc4 18. Qe2 b4 19. Bxe7 Kxe7 20. b3 Na3 21. Qb2 Rac8 22. Rc1 Bb5 23. Nxb5 Qxb5 24. Kd2 Qb6 25. Rxc8 Rxc8 26. Rc1 Rg8 27. Ng5 Nb5 28. Kd3 Nc3 29. g3 a5 30. a4 f6 31. exf6+ Kxf6 32. f3 Qa6+ 33. Ke3 Qd6 34. Kf2 Qb6 35. Qd2 Rg6 36. Re1 Ke7 37. Qf4 Kd7 38. Nf7 Rg7 39. Ne5+ Ke7 40. Kg2 Kf8 41. Nd3 Rg6 42. Nc5 Kf7 43. Nd7 Qa6 44. Ne5+ Kg7 45. Nxg6 Kxg6 46. Qg5+ Kf7 47. Qxh5+ Ke7 48. Qxf5 Ne2 49. Qg5+ Kd7 50. Qg7+ 1-0

[Event "HUN-chT2 Toth 1314"]
[Site "Hungary"]
[Date "2014.04.13"]
[Round "10.5"]
[White "Hajagos, Janos"]
[Black "Czegledi, Laszlo"]
[Result "1-0"]
[WhiteElo "1995"]
[BlackElo "2139"]
[PlyCount "81"]
[EventDate "2013.09.08"]
[EventType "team-tourn"]
[EventRounds "11"]
[EventCountry "HUN"]
[SourceTitle "EXT 2016"]
[Source "ChessBase"]
[SourceDate "2015.10.08"]
[SourceVersion "1"]
[SourceVersionDate "2015.10.08"]
[SourceQuality "1"]
[WhiteTeam "Kecskemet Takisz"]
[BlackTeam "Ujszasz"]
[WhiteTeamCountry "HUN"]
[BlackTeamCountry "HUN"]

1. e4 e5 2. Nf3 Qe7 3. Nc3 c6 4. Be2 Nf6 5. d3 h6 6. a3 d6 7. h4 Qc7 8. b4 Be7 9. Bd2 Be6 10. Qc1 Nbd7 11. h5 Rc8 12. Nh4 d5 13. Nf5 Bxf5 14. exf5 c5 15. b5 d4 16. Na4 e4 17. 0-0 Qe5 18. Bf4 Qxf5 19. dxe4 Qe6 20. Re1 0-0 21. Nb2 c4 22. Qd1 c3 23. Nd3 Nc5 24. Bf3 Rfd8 25. e5 Nd5 26. Bg4 Qb6 27. Bxc8 Nxd3 28. Qxd3 Nxf4 29. Qf3 Nxg2 30. Kxg2 Rxc8 31. Qf5 Rd8 32. e6 f6 33. Qg6 Rf8 34. Re4 f5 35. Re5 d3 36. Rxf5 Rxf5 37. Qxf5 Bf6 38. cxd3 c2 39. Rc1 Qc7 40. d4 Bxd4 41. Qxc2 1-0

[Event "HUN-chT2 Toth 1314"]
[Site "Hungary"]
[Date "2014.04.08"]
[Round "9.7"]
[White "Petro, Jozsef"]
[Black "Hajagos, Janos"]
[Result "1-0"]
[WhiteElo "2088"]
[BlackElo "1995"]
[PlyCount "47"]
[EventDate "2013.09.08"]
[EventType "team-tourn"]
[EventRounds "11"]
[EventCountry "HUN"]
[SourceTitle "EXT 2016"]
[Source "ChessBase"]
[SourceDate "2015.10.08"]
[SourceVersion "1"]
[SourceVersionDate "2015.10.08"]
[SourceQuality "1"]
[WhiteTeam "Bekes"]
[BlackTeam "Kecskemet Takisz"]
[WhiteTeamCountry "HUN"]
[BlackTeamCountry "HUN"]

1. f4 Nf6 2. Nf3 c5 3. g3 Nc6 4. Bg2 d6 5. 0-0 g6 6. d3 Bg7 7. e4 0-0 8. Qe1 Nb4 9. Na3 Rb8 10. h3 h5 11. Nh4 Nh7 12. Qe2 e5 13. c3 Nc6 14. f5 Qe8 15. Nc4 g5 16. f6 gxh4 17. fxg7 Kxg7 18. Qxh5 Qe6 19. Bg5 b5 20. Rf6 Nxg5 21. Qxg5+ Kh7 22. Qxh4+ Kg7 23. Qg5+ Kh7 24. Nxd6 1-0

[Event "HUN-chT2 Toth 1314"]
[Site "Hungary"]
[Date "2014.02.16"]
[Round "7.7"]
[White "Radics, Laszlo2222"]
[Black "Hajagos, Janos"]
[Result "0-1"]
[WhiteElo "1971"]
[BlackElo "1995"]
[PlyCount "68"]
[EventDate "2013.09.08"]
[EventType "team-tourn"]
[EventRounds "11"]
[EventCountry "HUN"]
[SourceTitle "EXT 2016"]
[Source "ChessBase"]
[SourceDate "2015.10.08"]
[SourceVersion "1"]
[SourceVersionDate "2015.10.08"]
[SourceQuality "1"]
[WhiteTeam "Szentes"]
[BlackTeam "Kecskemet Takisz"]
[WhiteTeamCountry "HUN"]
[BlackTeamCountry "HUN"]

1. d4 d5 2. Nc3 Nf6 3. Bg5 e6 4. e4 dxe4 5. Nxe4 Nbd7 6. Bd3 Be7 7. Bf4 b6 8. Ne2 Bb7 9. N2c3 a6 10. Qe2 b5 11. a3 Nb6 12. Be3 Nbd5 13. Nxd5 Bxd5 14. f3 Qb8 15. 0-0 0-0 16. b4 Qb7 17. Bf2 c6 18. c3 a5 19. Qc2 h6 20. Be3 Nd7 21. Bf4 Ra7 22. Qb2 Rfa8 23. g4 Qc8 24. Bg3 Qd8 25. Kg2 Nb6 26. Nd2 axb4 27. cxb4 Na4 28. Qc1 Qb6 29. Bf2 Bd6 30. Ne4 Be7 31. Nc5 Qd8 32. Be3 Bd6 33. Qd2 Qh4 34. Rh1 Qxg4+ 0-1

[Event "HUN-chT2 Toth 1213"]
[Site "Hungary"]
[Date "2013.04.07"]
[Round "10.4"]
[White "Gosztolya, Ferenc"]
[Black "Hajagos, Janos"]
[Result "1/2-1/2"]
[WhiteElo "2108"]
[BlackElo "1968"]
[PlyCount "61"]
[EventDate "2012.09.16"]
[EventType "team-tourn"]
[EventRounds "11"]
[EventCountry "HUN"]
[SourceTitle "EXT 2014"]
[Source "ChessBase"]
[SourceDate "2013.11.20"]
[SourceVersion "1"]
[SourceVersionDate "2013.11.20"]
[SourceQuality "1"]
[WhiteTeam "Bekes"]
[BlackTeam "Takisz"]
[WhiteTeamCountry "HUN"]
[BlackTeamCountry "HUN"]

1. c4 c5 2. Nc3 Nc6 3. g3 Nf6 4. Bg2 d6 5. e4 g6 6. Nge2 Bg7 7. 0-0 0-0 8. Rb1 Rb8 9. a3 Bd7 10. b4 b6 11. d3 Qc8 12. Bg5 Re8 13. b5 Nd4 14. Nxd4 cxd4 15. Na2 Qc5 16. Bc1 Bc8 17. Nb4 Bb7 18. h3 Nd7 19. f4 Qc7 20. g4 Nc5 21. Rb2 Rf8 22. f5 Be5 23. Re2 Qd8 24. Bb2 Bg7 25. Nc2 e5 26. fxe6 Nxe6 27. Ref2 Qg5 28. Qa1 Qc5 29. a4 a6 30. Ba3 Qc7 31. Bb2 1/2-1/2

[Event "HUN-chT2 Toth 1213"]
[Site "Hungary"]
[Date "2013.03.24"]
[Round "9.5"]
[White "Herczegfalvi, Zoltan"]
[Black "Hajagos, Janos"]
[Result "0-1"]
[WhiteElo "1675"]
[BlackElo "1968"]
[PlyCount "88"]
[EventDate "2012.09.16"]
[EventType "team-tourn"]
[EventRounds "11"]
[EventCountry "HUN"]
[SourceTitle "EXT 2014"]
[Source "ChessBase"]
[SourceDate "2013.11.20"]
[SourceVersion "1"]
[SourceVersionDate "2013.11.20"]
[SourceQuality "1"]
[WhiteTeam "Debrecen Sakkbaratok"]
[BlackTeam "Takisz"]
[WhiteTeamCountry "HUN"]
[BlackTeamCountry "HUN"]

1. e4 c5 2. Nf3 a6 3. d4 cxd4 4. Nxd4 Nf6 5. Bd3 e5 6. Nb3 b5 7. Nc3 Bb7 8. Bg5 d6 9. Nd5 Nbd7 10. 0-0 h6 11. Bh4 g5 12. Bg3 h5 13. h3 h4 14. Bh2 Rg8 15. Nxf6+ Nxf6 16. f3 Nh5 17. c4 Bc6 18. Qe2 Be7 19. Kh1 Rb8 20. Rfd1 Bd7 21. cxb5 axb5 22. Rac1 Qb6 23. Nd2 Be6 24. a3 Kf8 25. Nf1 Kg7 26. Ne3 Rge8 27. Nd5 Bxd5 28. exd5 Nf6 29. Bg1 Qb7 30. Be4 b4 31. Qd2 Nh5 32. Be3 Nf4 33. Bb1 bxa3 34. bxa3 Qb2 35. Qc2 Ng6 36. Rd2 Qxa3 37. Qd1 Qxe3 38. Re2 Qb3 39. Bc2 Qb6 40. Qd3 Rh8 41. Qf5 Rhc8 42. Rce1 Rc5 43. Rxe5 dxe5 44. Rxe5 Rxc2 0-1

[Event "HUN-chT2 Toth 1213"]
[Site "Hungary"]
[Date "2013.03.03"]
[Round "8.5"]
[White "Hajagos, Janos"]
[Black "Varga, Laszlo"]
[Result "0-1"]
[WhiteElo "1968"]
[BlackElo "2199"]
[PlyCount "70"]
[EventDate "2012.09.16"]
[EventType "team-tourn"]
[EventRounds "11"]
[EventCountry "HUN"]
[SourceTitle "EXT 2014"]
[Source "ChessBase"]
[SourceDate "2013.11.20"]
[SourceVersion "1"]
[SourceVersionDate "2013.11.20"]
[SourceQuality "1"]
[WhiteTeam "Takisz"]
[BlackTeam "Ujszasz"]
[WhiteTeamCountry "HUN"]
[BlackTeamCountry "HUN"]

1. e4 e6 2. d4 d5 3. Nc3 Bb4 4. e5 c5 5. a3 Bxc3+ 6. bxc3 Ne7 7. Nf3 Nbc6 8. Bd3 c4 9. Be2 Bd7 10. Bg5 Qa5 11. Qd2 h6 12. Bh4 g5 13. Bg3 Nf5 14. Ng1 0-0-0 15. Bh5 Rdf8 16. Ne2 Qd8 17. f4 Rhg8 18. Bf2 g4 19. h3 g3 20. Bg1 Nh4 21. Nc1 Ne7 22. Bg4 Rg7 23. Be3 Rh8 24. Bh5 Nef5 25. Bg1 Qg8 26. a4 Qh7 27. a5 Ne7 28. a6 b6 29. Na2 Qf5 30. Bg4 Qxf4 31. Be3 Nxg2+ 32. Ke2 Qe4 33. Bf3 Nf4+ 34. Ke1 Qxf3 35. Rf1 Ng2+ 0-1

[Event "HUN-chT2 Toth 1213"]
[Site "Hungary"]
[Date "2012.11.04"]
[Round "3.5"]
[White "Hajagos, Janos"]
[Black "Borus, Andras"]
[Result "1/2-1/2"]
[WhiteElo "1968"]
[BlackElo "2078"]
[PlyCount "28"]
[EventDate "2012.09.16"]
[EventType "team-tourn"]
[EventRounds "11"]
[EventCountry "HUN"]
[SourceTitle "EXT 2014"]
[Source "ChessBase"]
[SourceDate "2013.11.20"]
[SourceVersion "1"]
[SourceVersionDate "2013.11.20"]
[SourceQuality "1"]
[WhiteTeam "Takisz"]
[BlackTeam "Maroczy II"]
[WhiteTeamCountry "HUN"]
[BlackTeamCountry "HUN"]

1. e4 c5 2. Nf3 d6 3. d4 cxd4 4. Nxd4 Nf6 5. Nc3 a6 6. Bg5 e6 7. f4 Be7 8. Qf3 Nbd7 9. 0-0-0 Qc7 10. Bd3 h6 11. Bh4 b5 12. Rhe1 Bb7 13. Bxf6 Nxf6 14. g4 0-0-0 1/2-1/2

[Event "HUN-chT2 Toth 1112"]
[Site "Hungary"]
[Date "2012.03.11"]
[Round "7.4"]
[White "Hajagos, Janos"]
[Black "Deak, Zoltan"]
[Result "1/2-1/2"]
[WhiteElo "1966"]
[BlackElo "1987"]
[PlyCount "82"]
[EventDate "2011.09.25"]
[EventType "team-tourn"]
[EventRounds "11"]
[EventCountry "HUN"]
[SourceTitle "EXT 2013"]
[Source "ChessBase"]
[SourceDate "2012.11.22"]
[SourceVersion "1"]
[SourceVersionDate "2012.11.22"]
[SourceQuality "1"]
[WhiteTeam "Takisz"]
[BlackTeam "Bekes"]
[WhiteTeamCountry "HUN"]
[BlackTeamCountry "HUN"]

1. e4 c6 2. d4 d5 3. e5 g6 4. Nc3 h5 5. Bd3 Bh6 6. Nge2 Bxc1 7. Qxc1 Nh6 8. 0-0 Bf5 9. Qd2 e6 10. b4 a6 11. a4 Bxd3 12. Qxd3 Nd7 13. a5 Nf5 14. Na4 0-0 15. f4 Kg7 16. Nc1 Rh8 17. Nb3 Rb8 18. c3 h4 19. Nac5 Rh6 20. Rf3 g5 21. fxg5 Rg6 22. Raf1 Qxg5 23. Qe2 Nxc5 24. Nxc5 Qh5 25. R3f2 Qg4 26. Nd7 Rh8 27. Nf6 Qxe2 28. Rxe2 Kf8 29. Nd7+ Ke7 30. Nc5 Rb8 31. Rf3 Rg7 32. Ra2 Kd8 33. Nd3 Kc7 34. Nf4 Rh8 35. Kf2 Rg4 36. Re2 Rh7 37. Rc2 Rhg7 38. Re2 R7g5 39. Kf1 Kd7 40. Kf2 Ke7 41. Kf1 Nh6 1/2-1/2

[Event "Lakitelek Magyarok op"]
[Site "Lakitelek"]
[Date "2011.08.14"]
[Round "9"]
[White "Lelkes, Bela"]
[Black "Hajagos, Janos"]
[Result "1-0"]
[WhiteElo "1828"]
[BlackElo "2008"]
[PlyCount "75"]
[EventDate "2011.08.06"]
[EventType "swiss"]
[EventRounds "9"]
[EventCountry "HUN"]
[SourceTitle "CBM 144 Extra"]
[Source "ChessBase"]
[SourceDate "2011.10.28"]
[SourceVersion "1"]
[SourceVersionDate "2011.10.28"]
[SourceQuality "1"]

1. e4 c5 2. f4 e6 3. Nc3 Nc6 4. Nf3 g6 5. d4 cxd4 6. Nxd4 a6 7. Nxc6 bxc6 8. Qd4 f6 9. a3 Bg7 10. Bd3 Ne7 11. 0-0 0-0 12. Kh1 d6 13. Qf2 c5 14. Rb1 Qc7 15. Bc4 Nc6 16. Ne2 Rd8 17. f5 d5 18. exd5 exd5 19. fxg6 hxg6 20. Ba2 Ne5 21. Bf4 Bf5 22. Ng3 Be6 23. c3 Qc6 24. Rbd1 Ra7 25. Bb1 f5 26. h3 Rb7 27. Be3 Nc4 28. b4 cxb4 29. axb4 Nxe3 30. Qxe3 Bxc3 31. Rc1 d4 32. Qg5 Rd5 33. Nh5 Re5 34. Qxg6+ Kf8 35. Qf6+ Ke8 36. Qxe5 Kd8 37. Qxd4+ Bd5 38. Rxc3 1-0